Seguridad ocupacional / (Registro nro. 305)
[ vista simple ]
| 000 -LEADER | |
|---|---|
| fixed length control field | 01490nam a2200301Ia 4500 |
| 003 - CONTROL NUMBER IDENTIFIER | |
| control field | PE SENCICO BE |
| 005 - DATE AND TIME OF LATEST TRANSACTION | |
| control field | 20251020182433.0 |
| 008 - FIXED-LENGTH DATA ELEMENTS--GENERAL INFORMATION | |
| fixed length control field | 200515s9999 xx 000 0 und d |
| 020 ## - INTERNATIONAL STANDARD BOOK NUMBER | |
| International Standard Book Number | 978-958-648-575-3 |
| 040 ## - CATALOGING SOURCE | |
| Original cataloging agency | PE SENCICO BE |
| Transcribing agency | PE SENCICO BE |
| 041 ## - LANGUAGE CODE | |
| Language code of text/sound track or separate title | spa |
| 082 ## - DEWEY DECIMAL CLASSIFICATION NUMBER | |
| Classification number | 363.11 |
| Item number | T83 2009 |
| 100 1# - MAIN ENTRY--PERSONAL NAME | |
| Personal name | Trujillo Mejía, Raúl Felipe |
| 9 (RLIN) | 2651 |
| Relator term | autor |
| 245 10 - TITLE STATEMENT | |
| Title | Seguridad ocupacional / |
| Statement of responsibility, etc. | Raúl Felipe Trujillo Mejía |
| 250 ## - EDITION STATEMENT | |
| Edition statement | 4a ed. |
| 260 ## - PUBLICATION, DISTRIBUTION, ETC. | |
| Place of publication, distribution, etc. | Bogotá, D.C. : |
| Name of publisher, distributor, etc. | Ecoe ediciones ; |
| Date of publication, distribution, etc. | 2009 |
| 300 ## - PHYSICAL DESCRIPTION | |
| Extent | xviii, 334 p. : |
| Other physical details | tbl., graf. ; |
| Dimensions | 24 cm. |
| 505 0# - FORMATTED CONTENTS NOTE | |
| Formatted contents note | Historia de la seguridad ocupacional -- Datos de accidentalidad y estadísticos -- La seguridad ocupacional en el marco ocupacional -- Hogar seguro, hogar feliz -- Los accidentes de trabajo y sus estadísticas -- Almacenamiento y manipulación de bienes -- Manejo seguro de herramientas -- Manejo seguro de la electricidad -- Tecnología básica del fuego -- Control y extinción del fuego -- Manejo seguro de los gases -- Permiso de trabajo -- Inspecciones planeadas -- Elementos de protección personal -- Control total de pérdidas: un lenguaje gerencial |
| 650 10 - SUBJECT ADDED ENTRY--TOPICAL TERM | |
| Topical term or geographic name entry element | Riesgos laborales |
| 9 (RLIN) | 610 |
| 650 20 - SUBJECT ADDED ENTRY--TOPICAL TERM | |
| Topical term or geographic name entry element | Administración de personal |
| 9 (RLIN) | 2317 |
| 650 20 - SUBJECT ADDED ENTRY--TOPICAL TERM | |
| Topical term or geographic name entry element | Seguridad industrial |
| 9 (RLIN) | 96 |
| 650 20 - SUBJECT ADDED ENTRY--TOPICAL TERM | |
| Topical term or geographic name entry element | Accidentes de trabajo |
| 9 (RLIN) | 348 |
| 650 20 - SUBJECT ADDED ENTRY--TOPICAL TERM | |
| Topical term or geographic name entry element | Inspección de fabricas |
| 9 (RLIN) | 2652 |
| 650 20 - SUBJECT ADDED ENTRY--TOPICAL TERM | |
| Topical term or geographic name entry element | Responsabilidad patronal |
| 9 (RLIN) | 2653 |
| 650 20 - SUBJECT ADDED ENTRY--TOPICAL TERM | |
| Topical term or geographic name entry element | Legislación |
| 9 (RLIN) | 1707 |
| 651 10 - SUBJECT ADDED ENTRY--GEOGRAPHIC NAME | |
| 9 (RLIN) | 2435 |
| Geographic name | Colombia |
| 942 ## - ADDED ENTRY ELEMENTS (KOHA) | |
| Koha item type | Libros |
| Source of classification or shelving scheme | Dewey Decimal Classification |
| Fecha de la última vez que lo usaron | Número de ingreso o de inventario | Pago total | Signatura topográfica completa | Código de barras | Precio efectivo desde | Tipo de documento | Estado perdido | Sistema de clasificación | Estado dañado | No es para préstamo | Retirado | Ubicación permanente | Ubicación actual | Fecha de adquisición |
|---|---|---|---|---|---|---|---|---|---|---|---|---|---|---|
| 15/05/2020 | 14810 | 363.11/T83/2009 | BibLima24100048 | 15/05/2020 | Libros | Dewey Decimal Classification | Biblioteca Central Lima | Biblioteca Central Lima | 15/05/2020 |